Marketing manažér: tvorca pozitívneho obrazu spoločnosti

Funkcia marketing manažéra v podniku. Zodpovednosť marketing manažéra. Marketing manažér a public relations. Odmeňovanie pozície marketing manažéra.

Gespeichert in:
Bibliographische Detailangaben
1. Verfasser: Brezovský, Jozef
Format: Buchkapitel
Sprache:Slowakisch
Schlagworte:
Tags: Tag hinzufügen
Keine Tags, Fügen Sie das erste Tag hinzu!

MARC

LEADER 00000naa a2200000 4500
001 0117730
005 20231011072224.9
041 0 |a slo 
044 |a CZ 
245 1 0 |a Marketing manažér: tvorca pozitívneho obrazu spoločnosti  |c Jozef Brezovský 
520 |a Funkcia marketing manažéra v podniku. Zodpovednosť marketing manažéra. Marketing manažér a public relations. Odmeňovanie pozície marketing manažéra. 
610 2 0 |a manažéri 
610 2 0 |a marketing 
610 2 0 |a práca 
610 2 0 |a práca s verejnosťou 
610 2 0 |a odmeňovanie 
100 1 |a Brezovský, Jozef